Café, dinero y macroeconomía en Colombia : (Registro nro. 8527)
[ vista simple ]
| 000 -LEADER | |
|---|---|
| fixed length control field | 01583nam a2200265Ia 4500 |
| 003 - CONTROL NUMBER IDENTIFIER | |
| control field | OSt |
| 005 - DATE AND TIME OF LATEST TRANSACTION | |
| control field | 20210908153510.0 |
| 008 - FIXED-LENGTH DATA ELEMENTS--GENERAL INFORMATION | |
| fixed length control field | 210310s1993 ck ad fr 000 0 spa d |
| 020 ## - INTERNATIONAL STANDARD BOOK NUMBER | |
| International Standard Book Number | 9589272355 |
| 040 ## - CATALOGING SOURCE | |
| Original cataloging agency | CO-JMCR |
| Transcribing agency | CO-JMCR |
| 041 0# - LANGUAGE CODE | |
| Language code of text/sound track or separate title | spa |
| 082 04 - DEWEY DECIMAL CLASSIFICATION NUMBER | |
| Classification number | 339.09861 / |
| Item number | M777c |
| Edition number | 23 |
| 100 1# - MAIN ENTRY--PERSONAL NAME | |
| Personal name | Montenegro, Armando, |
| 9 (RLIN) | 17531 |
| Relator term | autor |
| 245 10 - TITLE STATEMENT | |
| Title | Café, dinero y macroeconomía en Colombia : |
| Remainder of title | ensayos / |
| Statement of responsibility, etc. | Armando Montenegro |
| 250 ## - EDITION STATEMENT | |
| Edition statement | 1a. edición |
| 260 ## - PUBLICATION, DISTRIBUTION, ETC. | |
| Place of publication, distribution, etc. | Bogotá : |
| Name of publisher, distributor, etc. | Fescol, |
| Date of publication, distribution, etc. | 1993 |
| 300 ## - PHYSICAL DESCRIPTION | |
| Extent | 394 páginas : |
| Other physical details | ilustraciones y gráficas a blanco y negro ; |
| Dimensions | 21 cm. |
| 500 ## - GENERAL NOTE | |
| General note | Incluye notas a pie de página. |
| 504 ## - BIBLIOGRAPHY, ETC. NOTE | |
| Bibliography, etc. note | Bibliografía al final de cada capítulo. |
| 505 0# - FORMATTED CONTENTS NOTE | |
| Formatted contents note | Crecimiento e inflación -- El manejo del Fondo Nacional del Café (FNC) -- El final del pacto cafetero -- Sector monetario y financiero -- Economía de frontera y salarios cafeteros |
| 520 3# - SUMMARY, ETC. | |
| Summary, etc. | Este libro presenta doce artículos escritos entre 1984 y 1989, cuyos temas, como lo anuncia el título, son el café, el dinero y la macroeconomía. Estos trabajos tienen varias características comunes: están siempre dirigidas a responder interrogantes o abordar asuntos y cuestiones prácticas; tratan de modelar, entender y aproximarse a la economía colombiana; muchos de ellos, por lo tanto, están completamente relacionados con discusiones y decisiones que han tenido lugar en nuestro país en los últimos años. |
| 650 14 - SUBJECT ADDED ENTRY--TOPICAL TERM | |
| Topical term or geographic name entry element | Macroeconomía |
| 9 (RLIN) | 17533 |
| General subdivision | Ensayos, conferencias, etc. |
| Geographic subdivision | Colombia |
| 650 24 - SUBJECT ADDED ENTRY--TOPICAL TERM | |
| Topical term or geographic name entry element | Café |
| General subdivision | Aspectos económicos |
| Geographic subdivision | Colombia |
| 9 (RLIN) | 12074 |
| 942 ## - ADDED ENTRY ELEMENTS (KOHA) | |
| Source of classification or shelving scheme | Dewey Decimal Classification |
| Koha item type | Books |
| Withdrawn status | Lost status | Source of classification or shelving scheme | Damaged status | Not for loan | Collection code | Home library | Current library | Date acquired | Source of acquisition | Total Checkouts | Full call number | Barcode | Date last seen | Date last checked out | Copy number | Koha item type |
|---|---|---|---|---|---|---|---|---|---|---|---|---|---|---|---|---|
| Dewey Decimal Classification | Non-fiction | Biblioteca Pública José María del Castillo y Rada | Biblioteca Pública José María del Castillo y Rada | 04/15/2018 | Donación | 1 | 339.09861 / M777c | 430006232 | 05/16/2024 | 04/23/2024 | Ej.1 | Books |